000 00874cam a2200217 a 4500
001 000016271
003 DO-SdBNP
005 20250506091526.0
008 800425s1977 txu b 000 0 spa
040 _aDO-SdBNP
_bspa
_cBNPHU
082 _a220.6
_bS634c
245 0 0 _aConcordancia alfabetica de la Biblia :
_bbasada en la version Valera antigua /
_ccompilado por William Hill Sloan ; correcciones de Alfredo Lerín y otros.
260 _a[El Paso, Tex.] :
_bCasa Bautista de Publicaciones,
_c1977.
300 _axvi, 1015 p. ;
_c21 cm.
500 _aPrevious ed. published under title: Completa concordancia española de las Sagradas Escrituras.
504 _aIncluye referencias bibliográficas.
650 4 _aBiblia
_xConcordancias españolas
_936337
650 4 _aBiblia
_xComentarios
_915357
700 1 _aSloan, William Hill
_eCompilador
_936338
942 _2ddc
_cLBS1
999 _c15807
_d15807